000 00603nam a22001577a 4500
999 _c7314
_d7314
008 170817b xxu||||| |||| 00| 0 eng d
022 _a16565541
082 _aDPer 641.05 F73 Dec 2012-Nov 2013 v. 9-10, n. 6-5
100 _922233
_aGenuino, Pauli Antoine Porquez.
245 _aWhat's new and what's hot/
_cPauli Antoine Porquez-Genuino.
260 _aMakati City, Philippines:
_bHinge Inquirer Publications, Inc.,
_c©2012-2013.
300 _av10 n5, page 8:
_billustrations;
_c28 cm.
500 _aFood and beverages: make a living with food.
650 0 _922234
_aFood
_xShow
942 _2ddc
_cPER